Description of the sample and research design /

Αποθηκεύτηκε σε:
Λεπτομέρειες βιβλιογραφικής εγγραφής
Κύριος συγγραφέας: Sansonetti, Silvia
Μορφή: Κείμενο
Ετικέτες: Προσθήκη ετικέτας
Δεν υπάρχουν, Καταχωρήστε ετικέτα πρώτοι!

MARC

LEADER 00000 a a2200000 04500
001 48714
003
040
100 |a Sansonetti, Silvia  
245 |a Description of the sample and research design /  |c Silvia Sansonetti  
773 |g volumen52, número 3, (2004), páginas 323-338  
999 |c 21228  |d 21228